| 000 | 00913cam a2200289 a 4500 | ||
|---|---|---|---|
| 008 | |||
| 020 | _a9780262182621 (hbk.) | ||
| 049 | _aMAIN | ||
| 090 |
_aQA76.6 _bREA |
||
| 100 | 1 | _aReas, Casey | |
| 245 | 1 | 0 |
_aProcessing : _ba programming handbook for visual designers and artists / _cCasey Reas, Ben Fry |
| 260 |
_aCambridge, Mass. : _bMIT Press, _cc2007 |
||
| 300 |
_axxvi, 710 p. : _bill. (some col.) ; _c24 cm |
||
| 504 | _aIncludes bibliographical references. | ||
| 500 | _aIncludes index. | ||
| 650 | 0 | _aComputer programming | |
| 650 | 0 |
_aComputer graphics _xComputer programs |
|
| 650 | 0 |
_aComputer art _xComputer programs |
|
| 650 | 0 |
_aArt _xData processing |
|
| 650 | 0 | _aArt and technology | |
| 700 | 1 | _aFry, Ben | |
| 907 |
_a.b10378893 _b22-02-17 _c22-02-17 |
||
| 003 | |||
| 005 | 20230123122243.0 | ||
| 040 | _cNUST | ||
| 942 |
_cBOOKS _kQA76.6 _mREA |
||
| 999 |
_c130468 _d130468 |
||